Zdaňovanie nehnuteľností čakajú limity

Doteraz mali samosprávy voľnosť pri určovaní komunálnych daní. Ministerstvo financií zvažuje limitovanie samosprávy pri určovaní miestnych daní. Analýza vývoja dane z nehnuteľností v roku 2005. Zvyšovanie výnosov daní z nehnuteľností oproti predchádzajúcim rokom. Podnikatelia a dane z nehnuteľností....

Ausführliche Beschreibung

Gespeichert in:
Bibliographische Detailangaben
1. Verfasser: Horníková, Zuzana
Format: Buchkapitel
Sprache:Slowakisch
Schlagworte:
Tags: Tag hinzufügen
Keine Tags, Fügen Sie das erste Tag hinzu!

MARC

LEADER 00000naa$a2200000$$$4500
001 0031970
005 20231009081552.1
041 0 |a slo 
044 |a SK 
245 1 0 |a Zdaňovanie nehnuteľností čakajú limity  |c Zuzana Horníková 
520 |a Doteraz mali samosprávy voľnosť pri určovaní komunálnych daní. Ministerstvo financií zvažuje limitovanie samosprávy pri určovaní miestnych daní. Analýza vývoja dane z nehnuteľností v roku 2005. Zvyšovanie výnosov daní z nehnuteľností oproti predchádzajúcim rokom. Podnikatelia a dane z nehnuteľností. Obavy z diskriminácie. 
610 2 0 |a samospráva 
610 2 0 |a dane miestne 
610 2 0 |a dane z nehnuteľností 
610 2 0 |a limity 
610 2 0 |a podnikatelia 
610 2 0 |a diskriminácia 
100 1 |a Horníková, Zuzana